[Event "Charlotte Summer op"]
[Site "Charlotte"]
[Date "2023.07.16"]
[Round "4"]
[White "Canty, James H"]
[Black "Stoll, Jacob"]
[Result "1/2-1/2"]
[WhiteElo "2145"]
[BlackElo "1783"]
[PlyCount "104"]
[EventDate "2023.07.14"]
[EventType "swiss"]
[EventRounds "5"]
[EventCountry "USA"]
[SourceTitle "CBM 215 Extra"]
[Source "ChessBase"]
[SourceDate "2023.09.30"]
[SourceVersion "1"]
[SourceVersionDate "2023.09.30"]
[SourceQuality "1"]

1. e4 e5 2. Nf3 Nc6 3. Bc4 Nf6 4. d3 Bc5 5. c3 a6 6. a4 d6 7. h3 Ba7 8. 0-0 0-0 9. Re1 h6 10. Nbd2 Re8 11. b4 Be6 12. Bxe6 Rxe6 13. Bb2 Qd7 14. Nc4 Ne7 15. Qc2 Ng6 16. d4 Nh5 17. Ne3 Ngf4 18. Nf5 Rg6 19. N3h4 Nxh3+ 20. Kh2 Ng5 21. Qd1 Nf4 22. g3 Nfe6 23. Re2 Rd8 24. dxe5 dxe5 25. Qxd7 Rxd7 26. Nxg6 fxg6 27. Nh4 Kf7 28. Kg2 Rd3 29. Rc1 c5 30. Rcc2 c4 31. Bc1 Kf6 32. f3 Rd1 33. f4 Nf7 34. Nf3 g5 35. fxg5+ Nexg5 36. Red2 Rxd2+ 37. Rxd2 Nxe4 38. Re2 Nxc3 39. Rc2 Nxa4 40. Rxc4 Nd6 41. Rc7 e4 42. Ne1 Nb6 43. Bb2+ Ke6 44. Rxg7 Nbc4 45. Bc1 Be3 46. Rg6+ Kf5 47. Rxd6 Bxc1 48. Rd5+ Ke6 49. Rc5 b5 50. Nc2 Ne3+ 51. Kf2 Nxc2 52. Rxc2 Bg5 1/2-1/2